[Event "Auckland CC-chA"]
[Site "Auckland"]
[Date "2016.07.18"]
[Round "4"]
[White "Watson, Bruce R"]
[Black "Morrell, Gordon"]
[Result "1-0"]
[WhiteElo "2237"]
[BlackElo "2077"]
[PlyCount "63"]
[EventDate "2016.06.27"]
[EventType "tourn"]
[EventRounds "9"]
[EventCountry "NZL"]
[SourceTitle "EXT 2018"]
[Source "ChessBase"]
[SourceDate "2017.10.13"]
[SourceVersion "1"]
[SourceVersionDate "2017.10.13"]
[SourceQuality "1"]

1. e4 c6 2. c4 d5 3. exd5 cxd5 4. cxd5 Nf6 5. Nc3 Nxd5 6. Nf3 e6 7. d4 Be7 8. Bd3 Nc6 9. 0-0 0-0 10. Be3 Nf6 11. Rc1 Bd7 12. Qe2 Nb4 13. Bb1 Nbd5 14. Bg5 Bc6 15. Ne5 Rc8 16. Rfe1 Bd7 17. Qd3 g6 18. Rcd1 Nxc3 19. bxc3 b5 20. a4 a6 21. axb5 axb5 22. Ba2 Nd5 23. Bd2 Bf6 24. Qf3 Bc6 25. Qg3 Bh4 26. Qd3 Qd6 27. Rb1 Rb8 28. Rb2 Bf6 29. Nxc6 Qxc6 30. Reb1 Rfc8 31. Rxb5 Rxb5 32. Rxb5 1-0

[Event "George Trundle Qualifiers"]
[Site "Auckland"]
[Date "2016.07.17"]
[Round "9"]
[White "Morrell, Gordon"]
[Black "Bennett, Hilton Petrie"]
[Result "1-0"]
[WhiteElo "2077"]
[BlackElo "1977"]
[PlyCount "79"]
[EventDate "2016.07.09"]
[EventType "tourn"]
[EventRounds "9"]
[EventCountry "NZL"]
[SourceTitle "EXT 2018"]
[Source "ChessBase"]
[SourceDate "2017.10.13"]
[SourceVersion "1"]
[SourceVersionDate "2017.10.13"]
[SourceQuality "1"]

1. d4 Nf6 2. c4 g6 3. Nc3 Bg7 4. e4 d6 5. h3 0-0 6. Bg5 Na6 7. Bd3 Qe8 8. Qd2 e5 9. d5 Nh5 10. 0-0-0 f5 11. Nge2 f4 12. f3 Bd7 13. Bc2 b5 14. cxb5 Bxb5 15. Bd3 Bxd3 16. Qxd3 Nc5 17. Qb5 Qc8 18. b4 Rb8 19. Qc4 Qb7 20. a3 a5 21. b5 a4 22. Nxa4 Nxa4 23. Qxa4 Qb6 24. Rd2 Qc5+ 25. Rc2 Qe3+ 26. Kb2 Qf2 27. Nc3 Qg3 28. h4 h6 29. Be7 Rfe8 30. Re2 Rxe7 31. Rh3 Qxh3 32. gxh3 Ng3 33. Rc2 Bf6 34. Qc4 Bxh4 35. a4 h5 36. a5 g5 37. a6 g4 38. hxg4 hxg4 39. Qc6 Ree8 40. Qd7 1-0

[Event "George Trundle Qualifiers"]
[Site "Auckland"]
[Date "2016.07.15"]
[Round "7"]
[White "Morrell, Gordon"]
[Black "Milligan, Helen"]
[Result "1/2-1/2"]
[WhiteElo "2077"]
[BlackElo "2053"]
[PlyCount "47"]
[EventDate "2016.07.09"]
[EventType "tourn"]
[EventRounds "9"]
[EventCountry "NZL"]
[SourceTitle "EXT 2018"]
[Source "ChessBase"]
[SourceDate "2017.10.13"]
[SourceVersion "1"]
[SourceVersionDate "2017.10.13"]
[SourceQuality "1"]

1. f4 Nf6 2. Nf3 d5 3. e3 c5 4. b3 Nc6 5. Bb2 e6 6. Bb5 Bd7 7. 0-0 Bd6 8. Qe2 Qe7 9. Ne5 0-0 10. d3 Rac8 11. c4 a6 12. Ba4 Na7 13. Nxd7 Nxd7 14. Bxd7 Qxd7 15. Nc3 Bb8 16. Qf3 Rfd8 17. cxd5 exd5 18. e4 d4 19. Nd5 Rc6 20. Rac1 Nc8 21. b4 Ba7 22. bxc5 Bxc5 23. Rc2 Ne7 24. Nxe7+ 1/2-1/2